000 00299nam a2200109Ia 4500
001 1272410
005 20260417151428.0
008 260417s9999 xx 000 0 und d
020 _a9786256698888
245 0 _aEksik Dikkatin Bulunuşu: Dedektif Bil. Yeter
_cNurullah Aydın
260 _bKetebe Genç
999 _c1272410
_d1272410